01014cam a22002771 4500001001300000003000400013005001700017007000700034008004100041010001700082040001800099043001200117050002500129110008100154245004700235260002400282300001700306490002100323530007200344650003300416650004900449810009500498856006000593856006600653999001700719sd 49000177 DLC20260227112735.0cr||||821029s1945 dcu 000 0 eng  asd 49000177  aDLCcDLCdDLC aa-ja---00aUB250b.U33 no. 32511 aUnited States.bOffice of Strategic Services.bResearch and Analysis Branch.10aJapanese analyses of the causes of defeat. a[Washington]c1945. a6 l.c27 cm.1 aR & A ; no. 3251 aAlso available in digital form on the Library of Congress Web site. 0aWorld War, 1939-1945zJapan. 0aWorld War, 1939-1945xPublic opinionzJapan.1 aUnited States.bDepartment of State.bOffice of Intelligence Research.tR & A ;vno. 3251.413PDFuhttp://hdl.loc.gov/loc.gdc/scd0001.20010126001ja.1413Page viewuhttp://hdl.loc.gov/loc.gdc/scd0001.20010126001ja.2 c89998d89998